00326nam a2200133Ia 4500100000900000942000700009654001900016245001900035260000900054082001000063546001200073999001700085952009000102 a#N/A cBK astudy speaking aStudy speaking b#N/A b21633 aENGLISH c25062d25062 001040708CDaCRCEbCRCEd2023-03-17l0o 21633pCD2255r2023-03-17w2023-03-17yBK